[Event "Medellin Aristizabal Cup"]
[Site "Medellin"]
[Date "2019.06.23"]
[Round "4"]
[White "Molina Ballesteros, Juan Sebastian"]
[Black "Agudelo, Carlos Daniel"]
[Result "1/2-1/2"]
[WhiteElo "1556"]
[BlackElo "2046"]
[PlyCount "62"]
[EventDate "2019.06.21"]
[EventType "swiss"]
[EventRounds "7"]
[EventCountry "COL"]
[SourceTitle "EXT 2020"]
[Source "ChessBase"]
[SourceDate "2019.10.17"]
[SourceVersion "1"]
[SourceVersionDate "2019.10.17"]
[SourceQuality "1"]

1. e4 c5 2. Nf3 e6 3. d4 cxd4 4. Nxd4 a6 5. c4 Qc7 6. Nc3 Nc6 7. Nxc6 bxc6 8. Be3 d6 9. Be2 Nf6 10. 0-0 Be7 11. f4 Rb8 12. b3 0-0 13. Qe1 d5 14. exd5 cxd5 15. cxd5 Nxd5 16. Nxd5 exd5 17. Bd4 a5 18. Bd3 Bc5 19. Qe3 Bxd4 20. Qxd4 Qd6 21. Bc4 Rd8 22. Rad1 Bb7 23. Rd2 Rbc8 24. Rfd1 h6 25. g3 Qc7 26. Bd3 Qd7 27. Be4 Qe7 28. Bg2 Rc5 29. Qf2 Qc7 30. Qe2 Bc6 31. Qe3 Bb7 1/2-1/2

[Event "COL-ch sf1"]
[Site "Medellin"]
[Date "2019.04.19"]
[Round "7"]
[White "Agudelo, Carlos Daniel"]
[Black "Soto, Miguel Angel"]
[Result "0-1"]
[WhiteElo "2049"]
[BlackElo "2190"]
[PlyCount "88"]
[EventDate "2019.04.16"]
[EventType "swiss"]
[EventRounds "10"]
[EventCountry "COL"]
[SourceTitle "CBM 190 Extra"]
[Source "ChessBase"]
[SourceDate "2019.07.15"]
[SourceVersion "1"]
[SourceVersionDate "2019.07.15"]
[SourceQuality "1"]

1. Nf3 Nf6 2. c4 c5 3. g3 g6 4. b3 Bg7 5. Bb2 0-0 6. Bg2 Nc6 7. 0-0 d6 8. d3 Bd7 9. Nbd2 Rb8 10. e3 Qc8 11. Bc3 Bh3 12. d4 Bxg2 13. Kxg2 cxd4 14. exd4 d5 15. Rc1 Rd8 16. Re1 dxc4 17. bxc4 e6 18. Qb3 Qd7 19. Qb2 Ne8 20. Nb3 b6 21. d5 Bxc3 22. Qxc3 exd5 23. cxd5 Ne7 24. d6 Qxd6 25. Rcd1 Qc6 26. Qe5 Nf5 27. Rc1 Qb7 28. Rc4 Ned6 29. Rcc1 Re8 30. Qf6 Ne4 31. Qb2 Ng5 32. Nbd2 Red8 33. Rc3 b5 34. h4 b4 35. hxg5 bxc3 36. Qxc3 Rbc8 37. Qa5 Rd5 38. Qa4 Rxd2 39. Re8+ Rxe8 40. Qxe8+ Kg7 41. Qe5+ Kf8 42. Qh8+ Ke7 43. Qf6+ Ke8 44. Qe5+ Kd7 0-1

[Event "COL-ch sf1"]
[Site "Medellin"]
[Date "2019.04.16"]
[Round "1"]
[White "Agudelo, Carlos Daniel"]
[Black "Gomez Saenz, Manuela"]
[Result "1-0"]
[WhiteElo "2049"]
[BlackElo "1539"]
[PlyCount "33"]
[EventDate "2019.04.16"]
[EventType "swiss"]
[EventRounds "10"]
[EventCountry "COL"]
[SourceTitle "CBM 190 Extra"]
[Source "ChessBase"]
[SourceDate "2019.07.15"]
[SourceVersion "1"]
[SourceVersionDate "2019.07.15"]
[SourceQuality "1"]

1. e4 c5 2. Nf3 d6 3. d4 cxd4 4. Nxd4 Nf6 5. Nc3 a6 6. Bg5 e6 7. f4 Be7 8. Qf3 Qc7 9. 0-0-0 0-0 10. g4 Nc6 11. Be2 b5 12. Nxc6 Qxc6 13. e5 Nd5 14. Nxd5 Bxg5 15. Ne7+ Bxe7 16. Qxc6 Rb8 17. Bf3 1-0

[Event "COL-ch U2300"]
[Site "Pereira"]
[Date "2019.03.25"]
[Round "9"]
[White "Agudelo, Carlos Daniel"]
[Black "Corredor Rengifo, Luis Fernando"]
[Result "1/2-1/2"]
[WhiteElo "2049"]
[BlackElo "2135"]
[PlyCount "60"]
[EventDate "2019.03.21"]
[EventType "swiss"]
[EventRounds "9"]
[EventCountry "COL"]
[SourceTitle "CBM 189 Extra"]
[Source "ChessBase"]
[SourceDate "2019.05.31"]
[SourceVersion "1"]
[SourceVersionDate "2019.05.31"]
[SourceQuality "1"]

1. d4 Nf6 2. Nf3 e6 3. c4 Bb4+ 4. Bd2 a5 5. g3 b6 6. Bg2 Bb7 7. 0-0 0-0 8. Nc3 d6 9. a3 Bxc3 10. Bxc3 Nbd7 11. b4 Ne4 12. Qc2 Nxc3 13. Qxc3 Nf6 14. Nd2 Bxg2 15. Kxg2 c5 16. bxc5 bxc5 17. dxc5 dxc5 18. Rfd1 Qc7 19. Qf3 h6 20. Rab1 Rab8 21. Ne4 Nxe4 22. Qxe4 a4 23. Rb5 Rxb5 24. cxb5 c4 25. Rc1 Rc8 26. b6 Qxb6 27. Rxc4 Rxc4 28. Qxc4 Qb3 29. Qc8+ Kh7 30. Qf8 e5 1/2-1/2

[Event "COL-ch U2300"]
[Site "Pereira"]
[Date "2019.03.24"]
[Round "6"]
[White "Lopez Idarraga, Daniel Eduardo"]
[Black "Agudelo, Carlos Daniel"]
[Result "0-1"]
[WhiteElo "1992"]
[BlackElo "2049"]
[PlyCount "66"]
[EventDate "2019.03.21"]
[EventType "swiss"]
[EventRounds "9"]
[EventCountry "COL"]
[SourceTitle "CBM 189 Extra"]
[Source "ChessBase"]
[SourceDate "2019.05.31"]
[SourceVersion "1"]
[SourceVersionDate "2019.05.31"]
[SourceQuality "1"]

1. d4 Nf6 2. Bg5 Ne4 3. Bf4 c5 4. d5 Qb6 5. Bc1 e6 6. f3 Nf6 7. c4 d6 8. Nc3 exd5 9. cxd5 g6 10. e4 Bg7 11. Bb5+ Bd7 12. a4 0-0 13. Nge2 Na6 14. 0-0 Nb4 15. Bg5 Bxb5 16. Nxb5 a6 17. Na3 Qc7 18. Nc3 Nd7 19. Nc4 Ne5 20. Nxe5 Bxe5 21. Qd2 f5 22. Rae1 c4 23. Be3 f4 24. Bd4 Nd3 25. Bxe5 Nxe5 26. Kh1 Qc5 27. Rd1 Nd3 28. b3 Ne5 29. Ne2 cxb3 30. Nxf4 Nc4 31. Qd4 Rxf4 32. Qxc5 dxc5 33. Rd3 b2 0-1

[Event "COL-chB U2200"]
[Site "Antioquia"]
[Date "2018.12.08"]
[Round "5"]
[White "Agudelo, Carlos Daniel"]
[Black "Soto, Cristian Camilo"]
[Result "1-0"]
[WhiteElo "2031"]
[BlackElo "2130"]
[PlyCount "49"]
[EventDate "2018.12.06"]
[EventType "swiss"]
[EventRounds "7"]
[EventCountry "COL"]
[SourceTitle "CBM 190 Extra"]
[Source "ChessBase"]
[SourceDate "2019.07.15"]
[SourceVersion "1"]
[SourceVersionDate "2019.07.15"]
[SourceQuality "1"]

1. d4 Nf6 2. c4 g6 3. Nc3 Bg7 4. e4 d6 5. f3 0-0 6. Be3 c5 7. Nge2 Nc6 8. Qd2 cxd4 9. Nxd4 Nxd4 10. Bxd4 Be6 11. Be2 Rc8 12. b3 Nh5 13. 0-0 Qa5 14. f4 Nf6 15. Qe3 Rfe8 16. Rac1 Nd7 17. Bxg7 Kxg7 18. f5 gxf5 19. exf5 Qe5 20. Qxe5+ Nxe5 21. fxe6 fxe6 22. Ne4 h6 23. Ng3 d5 24. Bh5 Red8 25. Rce1 1-0

[Event "COL-ch sf"]
[Site "Medellin"]
[Date "2018.03.18"]
[Round "8"]
[White "Quinonez Garcia, Santiago"]
[Black "Agudelo, Carlos Daniel"]
[Result "0-1"]
[WhiteElo "2246"]
[BlackElo "2005"]
[PlyCount "98"]
[EventDate "2018.03.14"]
[EventType "swiss"]
[EventRounds "10"]
[EventCountry "COL"]
[SourceTitle "CBM 183 Extra"]
[Source "ChessBase"]
[SourceDate "2018.04.19"]
[SourceVersion "1"]
[SourceVersionDate "2018.04.19"]
[SourceQuality "1"]

1. e4 g6 2. d4 Bg7 3. Nc3 d6 4. f4 a6 5. Nf3 b5 6. Bd3 Bb7 7. e5 c5 8. e6 f5 9. Be3 Qc8 10. dxc5 dxc5 11. 0-0 Nf6 12. Ne5 c4 13. Be2 Qxe6 14. a4 Nbd7 15. axb5 Nxe5 16. fxe5 axb5 17. Rxa8+ Bxa8 18. Qd4 Nd5 19. Nxb5 Bxe5 20. Qxc4 Kf7 21. Nd4 Bxh2+ 22. Kxh2 Qxe3 23. Nxf5 gxf5 24. Rxf5+ Ke6 25. Bg4 Kd6 26. Qa6+ Kc7 27. Bf3 Qd4 28. Qe6 Rd8 29. c3 Qh4+ 30. Kg1 Rd6 31. Qe2 Bc6 32. Rh5 Qf6 33. Rxh7 Re6 34. Qf2 Qe5 35. Qa7+ Bb7 36. Qc5+ Kb8 37. Kh1 Qe1+ 38. Kh2 Qe5+ 39. g3 Rg6 40. Qf2 Ne3 41. Rh4 Rf6 42. Rb4 Ng4+ 43. Rxg4 Rxf3 44. Rg8+ Kc7 45. Qa7 Qe2+ 46. Kh3 Qe6+ 47. Rg4 Rf5 48. Kh2 Qe2+ 49. Kh3 Qf1+ 0-1

[Event "COL-ch sf"]
[Site "Medellin"]
[Date "2018.03.14"]
[Round "1"]
[White "Herrera, Juan Sebastian"]
[Black "Agudelo, Carlos Daniel"]
[Result "1-0"]
[WhiteElo "2292"]
[BlackElo "2005"]
[PlyCount "71"]
[EventDate "2018.03.14"]
[EventType "swiss"]
[EventRounds "10"]
[EventCountry "COL"]
[SourceTitle "CBM 183 Extra"]
[Source "ChessBase"]
[SourceDate "2018.04.19"]
[SourceVersion "1"]
[SourceVersionDate "2018.04.19"]
[SourceQuality "1"]

1. d4 d5 2. c4 c6 3. cxd5 cxd5 4. Nc3 Nf6 5. Bf4 e6 6. e3 Bd6 7. Bxd6 Qxd6 8. Bd3 a6 9. f4 Nc6 10. Nf3 Ng4 11. Qe2 f5 12. Ne5 Ncxe5 13. fxe5 Qe7 14. 0-0 Bd7 15. e4 dxe4 16. Bxe4 Qb4 17. Rad1 0-0 18. Bf3 Nh6 19. d5 Nf7 20. Kh1 Rae8 21. a3 Qb6 22. dxe6 Bxe6 23. Nd5 Qa5 24. b4 Qb5 25. Qe3 Qa4 26. Nc7 Bc4 27. Nxe8 Bxf1 28. e6 Rxe8 29. exf7+ Kxf7 30. Bd5+ Kf8 31. Qc5+ Re7 32. Rxf1 g6 33. Re1 Qd7 34. Rxe7 Qxe7 35. Qxe7+ Kxe7 36. Bxb7 1-0

[Event "Medellin Conconcreto op"]
[Site "Medellin"]
[Date "2018.01.24"]
[Round "1"]
[White "Agudelo, Carlos Daniel"]
[Black "Escobar Medina, Andres F"]
[Result "0-1"]
[WhiteElo "2023"]
[BlackElo "2316"]
[PlyCount "70"]
[EventDate "2018.01.24"]
[EventType "swiss"]
[EventRounds "7"]
[EventCountry "COL"]
[SourceTitle "CBM 182 Extra"]
[Source "ChessBase"]
[SourceDate "2018.02.23"]
[SourceVersion "1"]
[SourceVersionDate "2018.02.23"]
[SourceQuality "1"]

1. c4 c5 2. Nc3 Nc6 3. Nf3 g6 4. e3 Nf6 5. d4 cxd4 6. exd4 d5 7. cxd5 Nxd5 8. Bc4 Nb6 9. Bb3 Bg7 10. d5 Na5 11. Ba4+ Bd7 12. Bxd7+ Qxd7 13. 0-0 0-0 14. Bg5 Nac4 15. Qe2 Rfe8 16. Rfd1 Rac8 17. Rac1 Qf5 18. b3 Nd6 19. Nb5 Ne4 20. Rxc8 Rxc8 21. Qd3 Nxg5 22. Qxf5 gxf5 23. Nxg5 Nxd5 24. Nxa7 Rc2 25. g3 e6 26. a3 h6 27. Nh3 Rc5 28. b4 Rc2 29. Nf4 Nxf4 30. Rd8+ Kh7 31. gxf4 Kg6 32. Rd7 b6 33. Nb5 Bf6 34. Rd6 Bh4 35. Rd8 Bxd8 0-1

[Event "American Continental 13th"]
[Site "Medellin"]
[Date "2017.06.17"]
[Round "10"]
[White "Agudelo, Carlos Daniel"]
[Black "Noboa Silva, Kevin Omar"]
[Result "0-1"]
[WhiteElo "1924"]
[BlackElo "2129"]
[PlyCount "29"]
[EventDate "2017.06.10"]
[EventType "swiss"]
[EventRounds "11"]
[EventCountry "COL"]
[SourceTitle "CBM 178 Extra"]
[Source "ChessBase"]
[SourceDate "2017.06.22"]
[SourceVersion "1"]
[SourceVersionDate "2017.06.22"]
[SourceQuality "1"]

1. c4 e5 2. Nc3 Nf6 3. g3 Bc5 4. Bg2 Nc6 5. e3 d6 6. Nge2 a6 7. 0-0 0-0 8. b3 Bd7 9. Bb2 Bf5 10. a3 Bb6 11. f4 Rb8 12. Nd5 Nd7 13. Rf2 Bc5 14. Rc1 e4 15. Nec3 0-1

[Event "Medellin Easter op 7th"]
[Site "Medellin"]
[Date "2017.04.15"]
[Round "6"]
[White "Gallego Herrera, Santiago"]
[Black "Agudelo, Carlos Daniel"]
[Result "0-1"]
[WhiteElo "1618"]
[BlackElo "1928"]
[PlyCount "76"]
[EventDate "2017.04.12"]
[EventType "swiss"]
[EventRounds "8"]
[EventCountry "COL"]
[SourceTitle "CBM 177 Extra"]
[Source "ChessBase"]
[SourceDate "2017.04.27"]
[SourceVersion "1"]
[SourceVersionDate "2017.04.27"]
[SourceQuality "1"]

1. e4 c5 2. Nf3 Nc6 3. d4 cxd4 4. Nxd4 Nf6 5. Nc3 e5 6. Ndb5 d6 7. Bg5 a6 8. Na3 Be6 9. Bc4 b5 10. Bxe6 fxe6 11. Nab1 Be7 12. Nd2 0-0 13. 0-0 Rc8 14. a3 Nd4 15. Nf3 Rc4 16. Qd3 Nxf3+ 17. gxf3 Nh5 18. Bxe7 Qxe7 19. Ne2 Rf6 20. Rfd1 Rc6 21. Kf1 Qf7 22. Ng1 Nf4 23. Qb3 Qg6 24. Ne2 Qg2+ 25. Ke1 Nh3 26. Kd2 Qxf2 27. Rf1 Qc5 28. Rad1 a5 29. Kc1 a4 30. Qd3 Nf2 31. Rxf2 Qxf2 32. Qxb5 Rc8 33. Rxd6 Qxf3 34. Qa6 Qe3+ 35. Kb1 Rb8 36. Rxe6 Rf1+ 37. Ka2 Qb3+ 38. cxb3 axb3# 0-1

[Event "Medellin Easter op 7th"]
[Site "Medellin"]
[Date "2017.04.14"]
[Round "5"]
[White "Agudelo, Carlos Daniel"]
[Black "Blandon, Luis Guillermo"]
[Result "0-1"]
[WhiteElo "1928"]
[BlackElo "2281"]
[PlyCount "34"]
[EventDate "2017.04.12"]
[EventType "swiss"]
[EventRounds "8"]
[EventCountry "COL"]
[SourceTitle "CBM 177 Extra"]
[Source "ChessBase"]
[SourceDate "2017.04.27"]
[SourceVersion "1"]
[SourceVersionDate "2017.04.27"]
[SourceQuality "1"]

1. d4 Nf6 2. Bf4 c5 3. e3 Qb6 4. Nf3 Qxb2 5. Nbd2 Nd5 6. dxc5 Nxf4 7. exf4 Qc3 8. Bd3 g6 9. 0-0 Qxc5 10. Rb1 d5 11. Qe2 Nc6 12. Rb5 Qd6 13. c4 dxc4 14. Nxc4 Qxf4 15. Qb2 Qf6 16. Nd6+ Qxd6 17. Qxh8 Qxd3 0-1

[Event "Medellin Aristizabal Cup"]
[Site "Medellin"]
[Date "2016.05.20"]
[Round "3"]
[White "Agudelo, Carlos Daniel"]
[Black "Molina Ballesteros, Juan Sebastian"]
[Result "1-0"]
[WhiteElo "1974"]
[BlackElo "1345"]
[PlyCount "32"]
[EventDate "2016.05.18"]
[EventType "swiss"]
[EventRounds "7"]
[EventCountry "COL"]
[SourceTitle "CBM 172 Extra"]
[Source "ChessBase"]
[SourceDate "2016.06.21"]
[SourceVersion "1"]
[SourceVersionDate "2016.06.21"]
[SourceQuality "1"]

1. d4 Nf6 2. c4 g6 3. Nf3 Bg7 4. g3 0-0 5. Bg2 d6 6. Nc3 Nbd7 7. 0-0 e5 8. e4 c5 9. dxc5 Nxc5 10. Qc2 b6 11. Rd1 Be6 12. Nxe5 Nfxe4 13. Nxe4 Nxe4 14. Qxe4 Bxe5 15. Qxa8 Qxa8 16. Bxa8 Rxa8 1-0

[Event "Medellin Easter op"]
[Site "Medellin"]
[Date "2010.04.02"]
[Round "4"]
[White "Agudelo, Carlos Daniel"]
[Black "Lopez R, Juan David"]
[Result "1-0"]
[WhiteElo "2098"]
[BlackElo "1968"]
[PlyCount "71"]
[EventDate "2010.03.31"]
[EventType "swiss"]
[EventRounds "9"]
[EventCountry "COL"]
[SourceTitle "CBM 135 Extra"]
[Source "ChessBase"]
[SourceDate "2010.05.04"]
[SourceVersion "1"]
[SourceVersionDate "2010.05.04"]
[SourceQuality "1"]

1. e4 c5 2. Nf3 e6 3. d4 cxd4 4. Nxd4 a6 5. Bd3 Qc7 6. 0-0 Nf6 7. Kh1 Nc6 8. Nb3 d5 9. Nc3 d4 10. Ne2 e5 11. f4 Bd6 12. f5 b5 13. Bd2 Bb7 14. Qe1 b4 15. Rc1 Qb6 16. c4 Nd7 17. Qg3 Rg8 18. f6 g6 19. Qh3 h5 20. Bg5 Bc5 21. Rb1 a5 22. a3 a4 23. axb4 Nxb4 24. Nd2 Nf8 25. Qg3 Ne6 26. h4 Bd6 27. Rfe1 Nc5 28. Nc1 Bc7 29. Bf1 Bc8 30. Nf3 Qe6 31. Nxd4 exd4 32. Qxc7 Nxe4 33. Nd3 Nc2 34. Nc5 Nf2+ 35. Kg1 Nxe1 36. Nxe6 1-0

[Event "Medellin Easter op"]
[Site "Medellin"]
[Date "2010.04.01"]
[Round "2"]
[White "Agudelo, Carlos Daniel"]
[Black "Hoyos Campuzano, Efrain"]
[Result "1-0"]
[WhiteElo "2098"]
[BlackElo "1951"]
[PlyCount "55"]
[EventDate "2010.03.31"]
[EventType "swiss"]
[EventRounds "9"]
[EventCountry "COL"]
[SourceTitle "CBM 135 Extra"]
[Source "ChessBase"]
[SourceDate "2010.05.04"]
[SourceVersion "1"]
[SourceVersionDate "2010.05.04"]
[SourceQuality "1"]

1. c4 e5 2. Nc3 Nf6 3. g3 Bc5 4. Bg2 c6 5. e3 d5 6. d4 exd4 7. exd4 Be7 8. cxd5 cxd5 9. Nge2 0-0 10. 0-0 b6 11. Bg5 Bb7 12. Bxf6 Bxf6 13. Qb3 Nc6 14. Qxd5 Qc7 15. Rfd1 Na5 16. Qf5 Bxg2 17. Kxg2 Rad8 18. Rac1 Qb7+ 19. Qf3 Qa6 20. Ne4 Be7 21. h4 h6 22. Nf4 Nc4 23. b3 Nd6 24. Nd5 Rfe8 25. Rc7 Nc8 26. Nec3 f6 27. Re1 Bd6 28. Nxf6+ 1-0